Normal view
MARC view
Entry Topical Term
001 - CONTROL NUMBER
- control field: 19593
003 - CONTROL NUMBER IDENTIFIER
- control field: OSt
005 - DATE AND TIME OF LATEST TRANSACTION
- control field: 20201207125333.0
008 - FIXED-LENGTH DATA ELEMENTS
- fixed length control field: 201207|| aca||aabn | a|a d
040 ## - CATALOGING SOURCE
- Original cataloging agency: OSt
- Transcribing agency: OSt
150 ## - HEADING--TOPICAL TERM
- Topical term or geographic name entry element: Relief and Rehabilitation
670 ## - SOURCE DATA FOUND
- Source citation: Work cat.: (OSt)514746: Sardar Sarovar (Narmada) Project : a success story of rehabilitation, 2018
